| 000 | 01084cab a22002055a 4500 | ||
|---|---|---|---|
| 001 | L146159 | ||
| 008 | 081212s2008 xxkad f s 000 0 eng d | ||
| 035 | _a(Sirsi) u146159 | ||
| 041 | 0 | _aeng | |
| 100 | 1 | _aJackson, Leonard A. | |
| 245 | 0 | 4 | _aThe structure and performance of US hotel real estate investment trusts |
| 260 | _c2008 | ||
| 490 | 0 |
_aJournal of Retail and Leisure Property _v7(4) 2008, 275-290(16) |
|
| 520 | _aOutlines the structure of US REITs (Real Estate Investment Trusts) and examines the performance of a relatively new subsector of the equity REIT market, hotel REITs. Finds that hotel REITs perform better than the equity REIT portfolio. However, hotels REITs are riskier than other equity REITs. Concludes that, on a risk-adjusted basis, hotel REITs did not outperform the market portfolio. | ||
| 590 | _aKA | ||
| 651 | 4 |
_aUnited States _y1959- |
|
| 690 | _aPROPERTY- PROPERTY FINANCE AND INVESTMENT- REAL ESTATE INVESTMENT TRUSTS | ||
| 690 | _aPROPERTY-COMMERCIAL PROPERTY-LEISURE PROPERTY-HOLIDAY AND GUEST PROPERTY-HOTEL PROPERTY-HOTELS | ||
| 942 | _n0 | ||
| 999 |
_c81058 _d81058 |
||